Tiền tệ, ngân hàng, thị trường tài chính

Quyển sách chia làm bốn phần chính. Phần 1 đề cập tất cả các vấn đề liên quan đến tiền, từ những kiến thức đơn giản và cơ bản đến những vấn đề phức tạp nhất. Phần hai đưa ra những kiến thức cơ bản về ngân hàng, phần 3 bàn luận những vấn đề liên quan đến tài chính...

Ausführliche Beschreibung

Gespeichert in:
Bibliographische Detailangaben
1. Verfasser: Lê, Văn Tư
Weitere Verfasser: Lê Văn Tư
Sprache:Undetermined
Veröffentlicht: Hà Nội Tài chính 2006
Schlagworte:
Tags: Tag hinzufügen
Keine Tags, Fügen Sie den ersten Tag hinzu!
Thư viện lưu trữ: Trung tâm Học liệu Trường Đại học Trà Vinh
LEADER 01046nam a2200253Ia 4500
001 TVU_7708
008 210423s9999 xx 000 0 und d
041 |a Vie 
082 |a 332.1 
082 |b T550 
100 |a Lê, Văn Tư 
245 0 |a Tiền tệ, ngân hàng, thị trường tài chính 
245 0 |c Lê Văn Tư 
260 |a Hà Nội 
260 |b Tài chính 
260 |c 2006 
300 |a 1029 tr. 
300 |b Sơ đồ 
300 |c 27 cm 
504 |a Thư mục: tr.1025-1026 
520 |a Quyển sách chia làm bốn phần chính. Phần 1 đề cập tất cả các vấn đề liên quan đến tiền, từ những kiến thức đơn giản và cơ bản đến những vấn đề phức tạp nhất. Phần hai đưa ra những kiến thức cơ bản về ngân hàng, phần 3 bàn luận những vấn đề liên quan đến tài chính 
650 |a Tài chính; Ngân hàng và nghiệp vụ ngân hàng; Tiền tệ 
700 |a Lê Văn Tư 
980 |a Trung tâm Học liệu Trường Đại học Trà Vinh